000 01110nam0a22002891 4500
001 rc\2267876
005 20110829190721.5
035 _a(NLR Aleph) 006549191
090 _a6721044
_c6721044
100 _a20110829d1977 |||y0rusy50 ca
101 0 _arus
102 _aRU
105 _aa z |||c|
200 1 _aПод счастливой звездой
_eОчерки из истории шахты им. Артема
_fЭ.И. Егерева, М.Е. Ситкин
210 _aДонецк
_cДонбас
_d1977
215 _a144 с., 4 л. ил.
_d17
606 _aУгольные шахты
_xДонецкий угольный бассейн
_2psbo
686 _aУ9(2)305.651.511,092шахта им. Артема
_2rubbk
700 1 _aЕгерева
_bЭ. И.
_gЭра Иосифовна
701 1 _aСиткин
_bМ. Е.
_gМихаил Егорович
712 0 2 _aШахта им. Артема
_cШахтинский р-н
_3RU\NLR\AUTH\8810166706
801 0 _aRU
_bNLR
_gpsbo
801 1 _aRU
_bELAR
_2rusmarc
852 _aNLR
_j77-2/3204
899 _aRuMoRGB
_jM 77-1/435
942 _cBOOK
980 _aNB